Online Catalogue and eLibrary

Lanka koti : (Record no. 2380)

MARC details
000 -LEADER
fixed length control field 00422nam a2200157Ia 4500
005 - DATE AND TIME OF LATEST TRANSACTION
control field 20250612013922.0
008 - FIXED-LENGTH DATA ELEMENTS--GENERAL INFORMATION
fixed length control field 240331s9999 xx 000 0 und d
020 ## - INTERNATIONAL STANDARD BOOK NUMBER
ISBN 95590290503
082 ## - DDC Classification
Item Number - Author Mark NAR
Class No. 322
100 ## - MAIN ENTRY--PERSONAL NAME
Personal name Narayan Swami, M.R
245 #0 - TITLE STATEMENT
Title Lanka koti :
Remainder of title kolu kuruttan garillan wuu hati
260 ## - PUBLICATION, DISTRIBUTION, ETC.
Place of publication, distribution, etc. Colombo
Name of publisher, distributor, etc. Lake House Publication
Date of publication, distribution, etc. 1996
300 ## - PHYSICAL DESCRIPTION
Extent (e.g. Volumes, Pages etc.) 496 p .,
500 ## - GENERAL NOTE
General note A book on Lankan Tigers
942 ## - Koha item type (Biblio)
Koha item type Books in Stacks (Lending)
Holdings
Lost status Damaged status Collection code Home library Current library Shelving location Date acquired Full call number Accession Number Item type
    Lending WERC Library WERC Library Social Science Cupboard 03/31/2024 322.4 NAR 2628 Books in Stacks (Lending)

© WERC Library